Sudden Death Fortnite Guns - Statistics

General Stats
  • This quiz has been taken 383 times
  • The average score is 8 of 22
Answers on the Grid
Answers color-coded by a green-red scale on the quiz's grid according to % correct below.
Heavy Assault Rifle
Assault Rifle
Suppresed Assault Rifle
Pump Shotgun
Suppresed Shotgun
Storm Sniper Rifle
Tactical Shotgun
Suppresed Assault Rifle
Suppresed Sniper Rifle
Heavy Sniper Rifle
Heavy Pistol
Light Machine Gun
Burst Assault Rifle
Semi-Auto Sniper Rifle
Tactical pistol
Burst Pistol
Havoc Pistol
Havoc Assault Rifle
Double Pistols
Havoc Submachine Gun
Ballistic Shotgun
Frenzy Auto Shotgun
Combat Sniper Rifle
Combat Assault Rifle
Dual Barrel Shotgun
Storm Assault Rifle
Combat Submachine Gun
Combat Shotgun
Rapid Fire Pistol
Rapid Fire Submachine Gun
Pumpkin Launcher
Scoped Pistol
Proximity Gun
 
Answer Stats
Answer % Correct
Pump Shotgun
51%
Heavy Assault Rifle
49%
Heavy Sniper Rifle
47%
Assault Rifle
46%
Tactical Shotgun
46%
Burst Assault Rifle
44%
Light Machine Gun
44%
Pumpkin Launcher
44%
Combat Shotgun
41%
Semi-Auto Sniper Rifle
37%
Suppresed Assault Rifle
34%
Suppresed Sniper Rifle
34%
Combat Assault Rifle
33%
Frenzy Auto Shotgun
33%
Suppresed Assault Rifle
33%
Havoc Assault Rifle
32%
Tactical pistol
30%
Rapid Fire Submachine Gun
26%
Combat Submachine Gun
25%
Storm Sniper Rifle
25%
Havoc Submachine Gun
17%
Rapid Fire Pistol
13%
No matching quizzes found
Score Distribution
Percent of People with Each Score
Percentile by Number Answered
Your Score History
You have not taken this quiz